Protinádorová chemoterapie

Bibliographic Details
Main Authors: Kubisz, Peter, 1942-2022 (Author), Klener, Pavel, 1937-2024 (Author)
Format: Article
Language:Slovak
PhysicalDescription:Fotogr. 1
ISSN:0457-4214
Subjects:

MARC

LEADER 00000nab a2200000 a 4500
001 vtls000616975
003 SK-MaSNL
005 20260501054910.0
008 250425c1997 xo 0 slo
015 |a SNBRB19rr/mm-uuuuu 
035 |a CL0617114 
035 |a urn:nbn:sk:snk-ab6lrv 
035 |a (uuid)87356ebe-ac7c-4e0f-9213-bffc5f8bf3ce 
035 |a (urnnbn)urn:nbn:sk:snk:ar-005gpt 
035 |a (sysno)vtls000616975 
040 |a SNKBUCL  |b slo  |c SNKBUCL  |e AACR2 
041 0 |a slo 
044 |a xo  |c SK 
080 |a 616-006:615.277  |2 1981 
080 |a 615.277  |2 1981 
100 1 |a Kubisz, Peter,  |d 1942-2022  |4 aut  |9 192814 
245 1 0 |a Protinádorová chemoterapie  |c Kubisz 
300 |b Fotogr. 1 
650 0 7 |a nádory  |2 snkbucl  |9 15229 
650 0 7 |a chemoterapia  |2 snkbucl  |9 13903 
655 7 |a články z novín a časopisov  |2 snkbucl  |9 267496 
700 1 |a Klener, Pavel,  |d 1937-2024  |4 aut  |9 106428 
773 0 |t Lekársky obzor  |g Roč. 46, č. 3 (1997), s. 63  |x 0457-4214 
787 0 8 |i Rec.:  |a Klener, Pavel  |t Protinádorová chemoterapie  |d Praha : Galén, 1996 
850 |a Slovenská národná knižnica 
852 |a Slovenská národná knižnica 
954 |a odborná, vedecká literatúra pôvodná (slovenská)  |2 lita 
958 |a article2022 
958 |a OND 
958 |a MI 
958 |a RK 
958 |a EUIPO 
992 |a RBX 
999 |c 3233713  |d 3235643